| 000 | 00591nam a22001937a 4500 | ||
|---|---|---|---|
| 005 | 20161122170004.0 | ||
| 010 | _aENG-116613 | ||
| 020 |
_a9789351436300 _c245.00 |
||
| 035 | _aEN-100145 | ||
| 037 | _bDBAD/PUB | ||
| 082 | _a346.540486 | ||
| 100 | _aWarrier,Vishnu S. | ||
| 245 |
_aUnderstanding patent law / _cby Vishnu S.Warrier |
||
| 260 |
_aGurgaon _bLexisNexis _c2016 |
||
| 270 |
_a14th Floor, Building No.10, Tower-B, DLF Cyber City, Phase-II _bGurgaon _e122002 |
||
| 300 |
_ax,99p. _c21cm(pbk) |
||
| 500 | _aIncludes index | ||
| 942 |
_2ddc _cEN _mWAR _h346.540486 |
||
| 999 |
_c104709 _d104709 |
||